| 000 | 00558cam a22002051 4500 | ||
|---|---|---|---|
| 001 | sa 65009853 | ||
| 003 | DLC | ||
| 005 | 20260227112205.0 | ||
| 008 | 890920m19659999ii c 000 0 tamo | ||
| 010 | _asa 65009853 | ||
| 035 | _a(OCoLC)20373173 | ||
| 040 |
_aDLC _cWaU _dDLC |
||
| 050 | 0 | 0 |
_aPL4754.T63 _bS6 1964 |
| 100 | 1 |
_aCōmacuntara Pāratiyār, Nāvalar Ca., _d1879-1959. |
|
| 245 | 1 | 0 | _aTolkāppiyar poruṭpaṭalap putturai. |
| 260 | _c[1965- | ||
| 300 |
_av. _bports. _c19 cm. |
||
| 500 | _aIn Tamil. | ||
| 600 | 0 | 0 |
_aTolkāppiyar. _tTolkāppiyam. |
| 999 |
_c66476 _d66476 |
||